000
00457nam a2200145Ia 4500
008
090124s9999 xx 000 0 und d
082
_b
303878
245
_a
उमाडलेल्या भावना
250
_a
1
260
_b
कवठेकर दत्त रघुनाथ
_c
1995
300
_a
232
630
_a
उमाडलेल्या भावना
730
_a
उमाडलेल्या भावना
942
_c
BOOK
999
_c
193515
_d
193515